| 000 | 00573nam a22002177a 4500 | ||
|---|---|---|---|
| 003 | ITZ | ||
| 005 | 20230920111119.0 | ||
| 008 | 230920b |||||||| |||| 00| 0 spa d | ||
| 020 | _a978-607-519-450-9 | ||
| 035 | _a17529 | ||
| 041 | _aspa | ||
| 050 |
_aTA357 _bP673 2015 |
||
| 082 |
_a620.106 _bP657m 2015 |
||
| 100 | 1 | _aPotter, Merle C. | |
| 245 |
_aMecánica de fluídos _cMerle C. Potter |
||
| 250 | _a4 | ||
| 260 |
_aMéxico _bCengage Learning _c2015 |
||
| 300 |
_axv11, 793 p., il. / _c27 cm. |
||
| 650 | _a1. MECÁNICA DE FLUÍDOS / 2. FLUÍDOS | ||
| 942 | _cBK | ||
| 999 |
_c29146 _d29146 |
||